000 00623nam a2200229 a 4500
999 _c4760
_d4760
001 4760
003 BD-JhCC
005 20171203123553.0
008 171203s19271963p b|||| || | 001 0 eng d
035 _a(BD-JhCC)4760
040 _aBD-JhCC
_dBD-JhCC
041 _aeng
082 _a910
_bSTA 1963
100 _aStamp, L. Dudley
245 _aThe World :
_bA General Geography for Schools in Asia /
_cL. Dudley Stamp,
260 _aLahore
_bThe Punzab Religious Book society,
_c1963.
300 _a325 p. :
_bMap. ;
_c23 cm.
504 _aIncludes Index
650 _aWorld history
942 _2ddc
_cBK